00161nam a2200061Ia 4500245002200000100003600022008004100058 0aSpioen van harte  a HEINE, Mike Pretoria, 1992 210818s9999 xx 000 0 und d